000 00897nam a22002897a 4500
003 CHAP
005 20220329133714.0
008 971013s1993 r 00010 d
010 _a9739
011 _a10711
035 _a9949
040 _cCHAP
082 _a006.3
_bG3
100 0 0 _aGallant, Stephen I.
_944337
245 _aNeural network learning and expert systems
260 _aCambridge :
_bThe MIT Press,
_c1993
300 _a365 p.
590 _aBATCH-UPD
_b10
_c20130110
_lUCH01
_h1918
590 _aBATCH-UPD
_b10
_c20130410
_lUCH01
_h1244
590 _aBATCH-UPD
_b10
_c20130914
_lUCH01
_h1630
590 _aCONVERSION
_b10
_c20130109
_lUCH01
_h1306
650 1 4 _aRedes neuronales artificiales.
_995387
650 1 4 _aSistemas expertos (Computación)
_9106773
901 _aBK
942 _cLIBRO
949 _a006.3 G3
_bBC
_cLIBRO
_d33724000297453
_eLIBRO
_gI. 169855
_h86367
_i9949
_si
_t173.45
999 _c9739
_d9739